ALL INDIA REPORTER , 1967 (V-54) MYSORE SECTION (Record no. 6890)

MARC details
000 -LEADER
fixed length control field 00377nam a22001457a 4500
005 - DATE AND TIME OF LATEST TRANSACTION
control field 20200607113820.0
008 - FIXED-LENGTH DATA ELEMENTS--GENERAL INFORMATION
fixed length control field 200607b xxu||||| |||| 00| 0 eng d
082 ## - DEWEY DECIMAL CLASSIFICATION NUMBER
Classification number 345.4
110 ## - MAIN ENTRY--CORPORATE NAME
Corporate name or jurisdiction name as entry element ALL INDIA REPORTER
245 ## - TITLE STATEMENT
Title ALL INDIA REPORTER , 1967 (V-54) MYSORE SECTION
260 ## - PUBLICATION, DISTRIBUTION, ETC. (IMPRINT)
Place of publication MUMBAI
Name of publisher ALL INDIA REPORTER
300 ## - PHYSICAL DESCRIPTION
Number of Pages 448;p
650 ## - SUBJECT ADDED ENTRY--TOPICAL TERM
Topical Term LAW
942 ## - ADDED ENTRY ELEMENTS (KOHA)
Koha item type Journals/Serial

No items available.